| 000 | 00482nam a22001817a 4500 | ||
|---|---|---|---|
| 003 | OSt | ||
| 005 | 20251120132814.0 | ||
| 008 | 251120b |||||||| |||| 00| 0 eng d | ||
| 020 | _a1-84205-184-9. | ||
| 040 |
_aDWCL-Main lib _cOC |
||
| 082 | _aRes. 080 B724 2004 | ||
| 100 | _aHamilton, Judy | ||
| 245 |
_aBook of quotations _cHamilton, Judy |
||
| 300 |
_a480 pages ; _c24 cm. |
||
| 504 | _aIncludes index. | ||
| 650 | _21. Quotations - English. | ||
| 942 |
_2ddc _cBK-0 CIRC _kRes. _n0 |
||
| 999 |
_c5881 _d5881 |
||